• 首页
  • 本馆介绍
  • 公告通知
  • 最新文献
  • 馆藏检索
  • 电子资源
  • 读者导购
  • 参考咨询
  • 我的图书馆
  • 登录
  • 详细信息显示
  • 放入我的书架
  • 预约/预借图书
  • 作者相关作品
  • 分类相关作品
  • 丛书相关作品
  • 出版社相关作品

书目信息

  • 表格格式
  • 工作单格式
  • 卡片格式
题名:
朝鲜:我们第一次战败
    
 
作者: 亚历山大 著 ;郭维敬 译
分册:  
出版信息: 北京   中国社会科学出版社  2000
页数: 596页
开本: 32开
丛书名:
单 册:
中图分类: K312.52
科图分类:
主题词: 朝鲜战争--研究--美国
电子资源:
ISBN: 7-5004-2863-4
000 00731nam0 2200217 45
001 0109251525
005 20031219104050.7
010    @a7-5004-2863-4@dCNY30.00
100    @a20010925d2000 km y0chiy0120 ea
101 0  @achi@ceng
105    @aab z 000yy
200 1  @a朝鲜:我们第一次战败@AChao Xian:Wo Men Di Yi Ci Zhan Bai@e美国人的反思@EMei Guo Ren De Fan Si@f(美)亚历山大著@F(Mei)Ya Li Shan Da Zhu@g郭维敬等译
210    @a北京@c中国社会科学出版社@d2000
215    @a596页@c插图@d32开
517    @a美国人的反思@AMei Guo Ren De Fan Si
606 0  @a朝鲜战争@x研究@y美国
690    @aK312.52@v4
701    @a亚历山大@4著
702  0 @a郭维敬@AGuo Wei Jing@4译
801    @aCN@bTSTC@c20010925
905    @f5@b298789-793@dK312.52@e5
    
    朝鲜:我们第一次战败:美国人的反思/(美)亚历山大著/郭维敬等译.-北京:中国社会科学出版社,2000
    596页:插图;32开
    
    
    ISBN 7-5004-2863-4:CNY30.00
    
●
相关链接 在E读中查询图书 在五车中查询图书 在当当中查询图书 在豆瓣中查询图书


正题名:朝鲜:我们第一次战败     索取号:K312.52/5         预约/预借

序号 登录号 条形码 馆藏地/架位号 状态 备注
1 0298789   202987893   第二借阅区/ [索取号:K312.52/5] 在馆    
2 0298790   202987900   第二借阅区/ [索取号:K312.52/5] 在馆    
3 0298791   202987919   第二借阅区/ [索取号:K312.52/5] 在馆    
4 0298792   202987928   第二借阅区/ [索取号:K312.52/5] 在馆    
5 0298793   202987937   第二借阅区/ [索取号:K312.52/5] 在馆    
唐山师范学院图书馆 欢迎您!
大连网信软件有限公司© 版权所有